00902nam a2200217 a 450000100100000000500170001000800410002704000250006808200200009310000280011324500700014124600470021126000790025830000200033759000260035765000280038365000310041191000380044295201870048099900170066700003340920240412074257.0110826s1967 dr r 000 p spa d aDO-SdBNPbspacBNPHU aRD861.44bB844t1 aBretón, José94555410aTrece poemas de hambre y una oda de esperanza /cJosé Bretón.13a13 poemas de hambre y una oda de esperanza aSantiago de los Caballeros, República Dominicana :bArte y Letra,c1967. a38 p. ;c22 cm. aInventariado, 2018/LP 0aPoesía dominicana966 0aLiteratura dominicana.967 aValidado. Control de calidad. EMS 0010718PDaPDbPDcHDd2011-08-26iLF1l0oRD861.44 B844tp33409-10r2020-06-25w2020-06-25yLFPDzPerteneció a la biblioteca personal de Carlos Larrazábal BlancoZNo se presta c32900d32900